[Event "Canadian op"]
[Site "Calgary"]
[Date "2023.07.26"]
[Round "6"]
[White "Russell, Wesley"]
[Black "Jackson, Mateo"]
[Result "1/2-1/2"]
[WhiteElo "1583"]
[BlackElo "1742"]
[PlyCount "86"]
[EventDate "2023.07.22"]
[EventType "swiss"]
[EventRounds "10"]
[EventCountry "CAN"]
[SourceTitle "EXT 2024"]
[Source "ChessBase"]
[SourceDate "2023.10.10"]
[SourceVersion "1"]
[SourceVersionDate "2023.10.10"]
[SourceQuality "1"]

1. e4 c5 2. c3 Nf6 3. e5 Nd5 4. d4 cxd4 5. Nf3 Nc6 6. Bc4 Nb6 7. Bb3 d6 8. exd6 Qxd6 9. 0-0 g6 10. cxd4 Bg7 11. Be3 0-0 12. h3 Na5 13. Bc2 Nbc4 14. b3 Nxe3 15. fxe3 Nc6 16. a3 e5 17. dxe5 Qc5 18. Qe2 Nxe5 19. Nxe5 Bxe5 20. Ra2 Bg7 21. Nd2 Re8 22. Ne4 Qb6 23. Rf3 Bf5 24. Nd2 Bxc2 25. Rxc2 Re7 26. b4 Rae8 27. Nf1 Rc7 28. Kh1 Rce7 29. Rc5 a6 30. Rc1 Qe6 31. Rd1 Rd7 32. Rxd7 Qxd7 33. Qc4 Rc8 34. Rxf7 Rxc4 35. Rxd7 Bb2 36. Rxb7 Bxa3 37. Rb6 Bxb4 38. Rxa6 Bc5 39. Kg1 Kf7 40. Kf2 Rc2+ 41. Kf3 Ke7 42. Ra4 Kf6 43. Ng3 Ke5 1/2-1/2

[Event "Canadian op"]
[Site "Calgary"]
[Date "2023.07.23"]
[Round "2"]
[White "Russell, Wesley"]
[Black "Heran Boily, Samuel"]
[Result "0-1"]
[WhiteElo "1583"]
[BlackElo "1841"]
[PlyCount "88"]
[EventDate "2023.07.22"]
[EventType "swiss"]
[EventRounds "10"]
[EventCountry "CAN"]
[SourceTitle "EXT 2024"]
[Source "ChessBase"]
[SourceDate "2023.10.10"]
[SourceVersion "1"]
[SourceVersionDate "2023.10.10"]
[SourceQuality "1"]

1. e4 e6 2. d4 d5 3. Nc3 Bb4 4. e5 c5 5. a3 Bxc3+ 6. bxc3 Qa5 7. Bd2 Qa4 8. Be3 Ne7 9. Bd3 Nd7 10. f4 b6 11. Nf3 Ba6 12. 0-0 Rc8 13. Nh4 g6 14. g4 Bxd3 15. cxd3 Qxd1 16. Raxd1 cxd4 17. Bxd4 Nc6 18. Rc1 Ke7 19. Ng2 Na5 20. Ne3 Nb3 21. Rc2 Nxd4 22. cxd4 Rxc2 23. Nxc2 Rc8 24. Ne3 Rc3 25. Rf3 Rxa3 26. Rh3 Nf8 27. f5 b5 28. fxe6 fxe6 29. Kf2 b4 30. Ke2 a5 31. Kd2 a4 32. g5 b3 33. Kc3 Ra2 34. Nd1 Rc2+ 35. Kb4 b2 36. Nxb2 Rxb2+ 37. Kxa4 Rg2 38. Kb5 Rxg5 39. Rf3 Rf5 40. Rg3 Rf4 41. Kc5 Nd7+ 42. Kc6 Rxd4 43. Rf3 h5 44. Rg3 Nxe5+ 0-1

[Event "Banff op"]
[Site "Banff"]
[Date "2022.11.13"]
[Round "5"]
[White "Russell, Wesley"]
[Black "Xie, Tao"]
[Result "1/2-1/2"]
[WhiteElo "1621"]
[BlackElo "1843"]
[PlyCount "53"]
[EventDate "2022.11.11"]
[EventType "swiss"]
[EventRounds "6"]
[EventCountry "CAN"]
[SourceTitle "CBM 211 Extra"]
[Source "ChessBase"]
[SourceDate "2023.01.31"]
[SourceVersion "1"]
[SourceVersionDate "2023.01.31"]
[SourceQuality "1"]

1. e4 e6 2. d4 d5 3. exd5 exd5 4. Bd3 Bd6 5. Nf3 Ne7 6. c3 Bf5 7. 0-0 Nbc6 8. Re1 Qd7 9. a4 0-0 10. Na3 Na5 11. Bc2 a6 12. b4 Nac6 13. Bxf5 Qxf5 14. Nc2 Qh5 15. Ne3 Ng6 16. Nf1 Nh4 17. Nxh4 Qxh4 18. Qf3 Ne7 19. h3 c6 20. Ne3 Rfe8 21. Bd2 Qf4 22. Qxf4 Bxf4 23. Rad1 a5 24. Rb1 Nf5 25. bxa5 Nxe3 26. Bxe3 Bc7 27. Rxb7 1/2-1/2